Catálogo
 En Linea

Casas Muertas / (Registro nro. 11899)

Detalles MARC
000 -CABECERA
campo de control de longitud fija 00746nam a2200217 a 4500
001 - NÚMERO DE CONTROL
campo de control 000012241
005 - FECHA Y HORA DE LA ÚLTIMA TRANSACCIÓN
campo de control 20200929162746.0
008 - DATOS DE LONGITUD FIJA--INFORMACIÓN GENERAL
campo de control de longitud fija 091106s1974 ec 000 f spa d
040 ## - FUENTE DE LA CATALOGACIÓN
Centro catalogador/agencia de origen DO-SdBNP
Lengua de catalogación spa
Centro/agencia transcriptor BNPHU
082 ## - NÚMERO DE LA CLASIFICACIÓN DECIMAL DEWEY
Número de clasificación V863.44
Número de documento/Ítem O87c
100 1# - ENTRADA PRINCIPAL--NOMBRE DE PERSONA
Nombre de persona Otero Silva, Miguel,
Fechas asociadas al nombre 1908-1985
9 (RLIN) 23057
245 10 - MENCIÓN DE TÍTULO
Título Casas Muertas /
Mención de responsabilidad, etc. Miguel Otero Silva ; prologuista, Benjamín Carrión.
260 ## - PUBLICACIÓN, DISTRIBUCIÓN, ETC.
Lugar de publicación, distribución, etc. Guayuquil, Ecuador :
Nombre del editor, distribuidor, etc. Ariel LTDA,
Fecha de publicación, distribución, etc. 1974.
300 ## - DESCRIPCIÓN FÍSICA
Extensión 140 p. ;
Dimensiones 18 cm.
490 1# - MENCIÓN DE SERIE
Mención de serie Ariel Universal
Designación de volumen o secuencia 5
500 ## - NOTA GENERAL
Nota general Una visión actual de la literatura de siempre
650 #4 - PUNTO DE ACCESO ADICIONAL DE MATERIA--TÉRMINO DE MATERIA
Término de materia o nombre geográfico como elemento de entrada Novela venezolana
9 (RLIN) 3962
650 #4 - PUNTO DE ACCESO ADICIONAL DE MATERIA--TÉRMINO DE MATERIA
Término de materia o nombre geográfico como elemento de entrada Literatura venezolana
Subdivisión cronológica SIGLO XX
9 (RLIN) 9777
700 1# - PUNTO DE ACCESO ADICIONAL--NOMBRE DE PERSONA
Nombre de persona Carrión, Benjamín,
Término indicativo de función/relación pról.
9 (RLIN) 28887
830 #0 - PUNTO DE ACCESO ADICIONAL DE SERIE-TÍTULO UNIFORME
Título uniforme Ariel Universal ;
Designación de volumen o secuencia 5
9 (RLIN) 28888
Existencias
Estado de retiro Estado de pérdida Restricciones de uso No para préstamo Código de colección Localización permanente Ubicación/localización actual Ubicación en estantería Fecha de adquisición Número de inventario Total de préstamos Signatura topográfica completa Código de barras Fecha visto por última vez Precio válido a partir de Tipo de ítem Koha
    Préstamo interno   Monografías: Libros y Folletos General General En catalogación 06.11.2009 LF1   V863.44 O87c 12241-10 25.06.2020 25.06.2020 Préstamo interno

Con tecnología Koha